The fiction of : (Record no. 163683)
[ view plain ]
| 000 -LEADER | |
|---|---|
| fixed length control field | 00615nam a2200193 4500 |
| 005 - DATE AND TIME OF LATEST TRANSACTION | |
| control field | 20190425170936.0 |
| 010 ## - LCCN (DPL NO) | |
| LC control number | ENG-125085 |
| 020 ## - INTERNATIONAL STANDARD BOOK NUMBER | |
| International Standard Book Number | 9789381169339 |
| Terms of availability | 750.00 |
| 035 ## - SYSTEM CONTROL NUMBER | |
| System control number | EN-108617 |
| 037 ## - SOURCE OF ACQUISITION | |
| Source of stock number/acquisition | DBAD/PUB |
| 082 ## - DEWEY DECIMAL CLASSIFICATION NUMBER | |
| Classification number | 823.910 |
| 100 ## - MAIN ENTRY--PERSONAL NAME | |
| Personal name | Nikam,Madhavi |
| 245 ## - TITLE STATEMENT | |
| Title | The fiction of : |
| Remainder of title | Shashi Deshpande/ |
| Statement of responsibility, etc | Madhvi Nikam |
| 260 ## - PUBLICATION, DISTRIBUTION, ETC. (IMPRINT) | |
| Place of publication, distribution, etc | Jiapur |
| Name of publisher, distributor, etc | Vital Publications |
| 270 ## - ADDRESS | |
| Address | D-19, Inderpuri, Lalkothi |
| City | Jiapur |
| Postal code | 302015 |
| Telephone number | 0141-2741912 |
| Electronic mail address | vitalpublications@yahoo.co.in |
| 300 ## - PHYSICAL DESCRIPTION | |
| Extent | ix,168p. |
| Dimensions | 22cm(Hb) |
| 500 ## - GENERAL NOTE | |
| General note | includes bibliographical references |
| 942 ## - ADDED ENTRY ELEMENTS (KOHA) | |
| Source of classification or shelving scheme | Dewey Decimal Classification |
| Item type | English Books |
| Classification part | 823.910 |
| Call number suffix | NIK |
| Withdrawn status | Lost status | Not for loan | Collection code | Home library | Current library | Date acquired | Source of acquisition | Cost, normal purchase price | Full call number | Barcode | Copy number | Cost, replacement price | Koha item type |
|---|---|---|---|---|---|---|---|---|---|---|---|---|---|
| Not For Loan | Non-fiction | D.B.Act.Division | Ashok Vihar | 25/04/2019 | DBAD/PUB | 750.00 | 823.910 NIK | EN-108617 | 1 | 750.00 | English Books |
